La mujer ante la ley / (Record no. 172521)

MARC details
000 -LEADER
campo de control de longitud fija 00958nam a2200265 i 4500
001 - NÚMERO DE CONTROL
campo de control 172521
003 - IDENTIFICADOR DE NÚMERO DE CONTROL
campo de control ES-MaACL
005 - FECHA Y HORA DE LA ÚLTIMA TRANSACCIÓN
campo de control 20230906214937.0
008 - DATOS DE LONGITUD FIJA--INFORMACIÓN GENERAL
campo de control de longitud fija 090714s1983 sp |||| | spa d
017 ## - NÚMERO DE COPYRIGHT O DE DEPÓSITO LEGAL
Número de copyright o de depósito legal B 33190-1983
020 ## - NÚMERO INTERNACIONAL ESTÁNDAR DEL LIBRO
Número Internacional Estándar del Libro 84-270-0815-5
080 ## - NÚMERO DE LA CLASIFICACIÓN DECIMAL UNIVERSAL
Número de la Clasificación Decimal Universal 347.156(460)"19"
100 1# - ENTRADA PRINCIPAL--NOMBRE DE PERSONA
Nombre de persona Pérez Otamendi, Odila.
9 (RLIN) 141080
245 13 - MENCIÓN DEL TÍTULO
Título La mujer ante la ley /
Mención de responsabilidad, etc. Odila Pérez Otamendi, Margarita Trallero.
260 ## - PUBLICACIÓN, DISTRIBUCIÓN, ETC.
Lugar de publicación, distribución, etc. Barcelona :
Nombre del editor, distribuidor, etc. Martínez Roca,
Fecha de publicación, distribución, etc. [1983]
300 ## - DESCRIPCIÓN FÍSICA
Extensión 152 p. ;
Dimensiones 20 cm.
490 1# - MENCIÓN DE SERIE
Mención de serie Fontana práctica
500 ## - NOTA GENERAL
Nota general En la cub. : Divorcio, hijos, trabajo, herencias. Incluye el proyecto de ley de despenalización del aborto.
594 ## - Nota al título y mención de responsabilidad
Nota al título y mención de responsabilidad Subtít. de la cub. : Guía práctica de los derechos de la mujer.
650 04 - PUNTO DE ACCESO ADICIONAL DE MATERIA--TÉRMINO DE MATERIA
Término de materia o nombre geográfico como elemento de entrada Mujeres-
Subdivisión general Estatuto jurídico-
Subdivisión geográfica España.
9 (RLIN) 15286
700 1# - ENTRADA AGREGADA--NOMBRE PERSONAL
Nombre de persona Trallero, Margarita.
9 (RLIN) 141081
830 0# - PUNTO DE ACCESO ADICIONAL DE SERIE-TÍTULO UNIFORME
Título uniforme Fontana práctica
9 (RLIN) 223356
852 ## - LOCALIZACIÓN
Ubicación ES-MaACL
Número de control de estantería E-12840
itemnumber R.143571
Holdings
Estatus retirado Estado de pérdida Estado de daño No para préstamo Biblioteca de origen Biblioteca actual Ubicación en estantería Fecha de adquisición Fuente de adquisición Total de préstamos Signatura topográfica completa Código de barras Visto por última vez Precio de reemplazo Tipo de ítem Koha
        Biblioteca del Ateneo de Madrid Biblioteca del Ateneo de Madrid Depósito 2 14/07/2009     E-12840 1181047 23/02/2023 23/02/2023 Libro impreso